Analýzy v PHSR pre trvalo udržateľný rozvoj

Atribúty trvalo udržateľného rozvoja - sociálne atribúty, ekonomické atribúty a environmentálne atribúty. Dôležitosť zohľadnenia súčinnosti všetkých atribútov v Programe hospodárskeho a sociálneho rozvoja krajov a obcí. Vypracovanie analýzy dopadu na životné prostredie. Vypracovanie swot analýzy - n...

Ausführliche Beschreibung

Gespeichert in:
Bibliographische Detailangaben
1. Verfasser: Filo, Peter
Format: Buchkapitel
Sprache:Slowakisch
Schlagworte:
Tags: Tag hinzufügen
Keine Tags, Fügen Sie das erste Tag hinzu!

MARC

LEADER 00000naa$a2200000$$$4500
001 0111123
005 20240502072228.8
041 0 |a slo 
044 |a SK 
245 1 0 |a Analýzy v PHSR pre trvalo udržateľný rozvoj  |c Peter Filo 
520 |a Atribúty trvalo udržateľného rozvoja - sociálne atribúty, ekonomické atribúty a environmentálne atribúty. Dôležitosť zohľadnenia súčinnosti všetkých atribútov v Programe hospodárskeho a sociálneho rozvoja krajov a obcí. Vypracovanie analýzy dopadu na životné prostredie. Vypracovanie swot analýzy - návod ako stanoviť hierarchiu priorít. 
610 2 0 |a rozvoj trvalo udržateľný 
610 2 0 |a ochrana prostredia životného 
610 2 0 |a regióny 
610 2 0 |a rozvoj regionálny 
610 2 0 |a samospráva 
610 2 0 |a financie 
610 2 0 |a projekty 
610 2 0 |a analýzy 
610 2 0 |a analýza swot 
100 1 |a Filo, Peter